| 000 | 00421nam a2200109Ia 4500 | ||
|---|---|---|---|
| 008 | 220216s9999 xx 000 0 und d | ||
| 100 | _aAhmad Shakri M S | ||
| 245 | 0 | _aFinishing of rubberwood products | |
| 260 |
_bIn: Rubberwood Processing and Utilization Ed.2. (Eds. Hong, L.T and SIm, H.C) Forest Research Institute of Malaysia, Kuala Lumpur, Malaysia, 1999. pp. 165-176. _c1999 |
||
| 650 | _aWood products | ||
| 942 | _cBO | ||
| 999 |
_c48232 _d48232 |
||